000 00296nam a22001337a 4500
020 _a0-07-065706-8
041 _aENG
100 _aRangawamu .S
245 _aA Taxt book of Agricullural Statistics
260 _aNew Delhi
_bNew Age
_c2018
300 _a531
650 _aStatistics
856 _uMates
999 _c6
_d6